| 000 -LEADER |
| fixed length control field |
00300nam a22001337a 4500 |
| 008 - FIXED-LENGTH DATA ELEMENTS--GENERAL INFORMATION |
| fixed length control field |
171027b xxu||||| |||| 00| 0 eng d |
| 020 ## - INTERNATIONAL STANDARD BOOK NUMBER |
| International Standard Book Number |
0070255687 |
| 041 ## - LANGUAGE CODE |
| Language code of text/sound track or separate title |
eng |
| 080 ## - UNIVERSAL DECIMAL CLASSIFICATION NUMBER |
| Universal Decimal Classification number |
336 |
| 100 ## - Rafti |
| Rafti |
56 |
| 101 ## - Shkurtesa |
| Shkurtesa |
FIN |
| 245 ## - TITLE STATEMENT |
| Title |
THE THEORY OF FINANCIAL DECISIONS |
| Statement of responsibility, etc |
HALEY,CH.W |
| 942 ## - ADDED ENTRY ELEMENTS (KOHA) |
| Source of classification or shelving scheme |
|
| Item type |
Books |